000
00267 a2200097 4500
001
55664
100
_a
245
_a
Foreign affairs Pakistan 2007 ; a collection of foreign affairs related papers
260
_a
Islamabad
_b
Firma
_c
2007
090
_c
34553
_d
34553
942
_a
NUST-CAE
_c
MONOGRAPH
_c
27284
999
_c
290737
_d
290737